| 000 | 00818ntm a22002537a 4500 | ||
|---|---|---|---|
| 999 |
_c1023 _d1023 |
||
| 008 | 191121s2019 ii abd|grm|||a00| 0 eng d | ||
| 040 |
_aKO _beng |
||
| 041 | 0 | _aeng | |
| 044 | _aii | ||
| 082 | 0 | 4 |
_223 _a378.242 _bPRM1752 |
| 100 | 1 |
_aJoseph, T. S. _eResearcher |
|
| 245 | 1 | 2 |
_aA Study on Courier Services Done by DTDC / _cT. S. Joseph ; Guide Dr. Jayan P. A. |
| 260 |
_aKochi : _bIndian Maritime University, _c2019 |
||
| 300 |
_a83 p. : _bill., charts, maps ; _c29 cm. |
||
| 490 | 0 |
_aMBA Project 2017-19 ; _v1705304022 |
|
| 502 | _aProject (MBA)–Indian Maritime University. School of Maritime Management, 2019. | ||
| 650 | 0 | _aExpress service | |
| 655 | 7 |
_2lcsh _aDissertations, Academic _y2019 |
|
| 700 | 1 |
_aP. A., Jayan, _cDr. _eGuide |
|
| 904 | _aRUDRA_R | ||
| 905 | _aR_RANJAN | ||
| 942 | _cTH | ||